[Event "Knighthood Blitz"]
[Site "Vishy Anand Arena"]
[Date "2020.08.01"]
[Round "8"]
[White "Mraa"]
[Black "Padmaesh M K"]
[Result "1-0"]
[WhiteElo "1470"]
[BlackElo "1696"]
[Annotator "NA"]
[PlyCount "63"]
[EventDate "2020.08.01"]
[EventType "swiss (blitz)"]

1. e4 e5 2. Nf3 Nc6 3. d4 exd4 4. Nxd4 Bc5 5. Nb3 Bb6 6. Bd3 d6 7. O-O Nf6 8. Kh1 O-O 9. Qe2 Ne5 10. f3 c5 11. N3d2 Be6 12. b3 Rc8 13. Bb2 c4 14. bxc4 Bxc4 15. Bxc4 Nxc4 16. Nxc4 Bc5 17. Nc3 Nh5 18. g3 f5 19. Rad1 fxe4 20. Nxe4 d5 21. Nxc5 dxc4 22. Qe6+ Kh8 23. Rxd8 Rfxd8 24. Qf7 Rxc5 25. g4 Rg5 26. gxh5 Rg8 27. h6 b5 28. hxg7+ R5xg7 29. Bxg7+ Rxg7 30. Qf8+ Rg8 31. Qf6+ Rg7 32. Rg1 1-0

[Event "Knighthood Blitz"]
[Site "Vishy Anand Arena"]
[Date "2020.08.01"]
[Round "8"]
[White "Monideepbanerjee"]
[Black "Samay Raina"]
[Result "1-0"]
[WhiteElo "1447"]
[BlackElo "1612"]
[Annotator "NA"]
[PlyCount "129"]
[EventDate "2020.08.01"]
[EventType "swiss (blitz)"]

1. e4 c5 2. d3 Nc6 3. Be3 d6 4. f4 e5 5. fxe5 Nxe5 6. Nf3 Nxf3+ 7. Qxf3 Nf6 8. Be2 Be7 9. O-O O-O 10. b3 d5 11. e5 Ng4 12. h3 Nxe3 13. Qxe3 d4 14. Qg3 Qd5 15. Bf3 Qxe5 16. Qxe5 Bf6 17. Qe1 Rb8 18. Nd2 b5 19. Ne4 Re8 20. Qg3 Be5 21. Qh4 Rb6 22. Rae1 Rh6 23. Qxh6 gxh6 24. Bg4 Bxg4 25. hxg4 Re6 26. Nxc5 Re7 27. Rf5 Bh2+ 28. Kf2 Rxe1 29. Kxe1 Bg3+ 30. Ke2 Bd6 31. Nd7 Kg7 32. Kf3 Kg6 33. Ke4 Bg3 34. Kd5 a5 35. Kc6 b4 36. Nc5 h5 37. Rxh5 f5 38. Rxf5 h5 39. Rxh5 Bf4 40. Rf5 Bg5 41. Rxg5+ Kxg5 42. Ne6+ Kxg4 43. Kc5 Kg3 44. Kxd4 Kxg2 45. Kc4 Kf2 46. Kb5 Ke2 47. Kxa5 Kd2 48. Kxb4 Kxc2 49. a4 Kxd3 50. a5 Ke4 51. a6 Ke5 52. a7 Kxe6 53. a8=Q Ke5 54. Qd8 Ke4 55. Kc5 Ke3 56. b4 Ke4 57. b5 Ke5 58. b6 Ke6 59. b7 Kf5 60. b8=Q Kg6 61. Qbc7 Kf5 62. Qce7 Kg6 63. Qdf8 Kh5 64. Qeg7 Kh4 65. Qfh8# 1-0

[Event "Knighthood Blitz"]
[Site "Vishy Anand Arena"]
[Date "2020.08.01"]
[Round "8"]
[White "IamNihar"]
[Black "Rahulraj"]
[Result "0-1"]
[WhiteElo "1446"]
[BlackElo "1746"]
[Annotator "NA"]
[PlyCount "86"]
[EventDate "2020.08.01"]
[EventType "swiss (blitz)"]

1. d4 c6 2. c4 d5 3. c5 Nf6 4. Nf3 Nbd7 5. Nc3 e6 6. Bg5 Be7 7. Qc2 h6 8. Bh4 O-O 9. e3 b6 10. cxb6 axb6 11. Bd3 c5 12. Ne5 c4 13. Be2 Nxe5 14. dxe5 Nd7 15. Bxe7 Qxe7 16. f4 Qc5 17. Kf2 f6 18. exf6 Rxf6 19. Bf3 Rxf4 20. Rhe1 Rf8 21. Rad1 Ne5 22. Rd4 Nd3+ 23. Rxd3 cxd3 24. Qxd3 Ba6 25. Qd4 Qxd4 26. exd4 Bd3 27. Rxe6 Rae8 28. Rxe8 Rxe8 29. Bxd5+ Kh7 30. a3 b5 31. Bc6 Rb8 32. d5 b4 33. axb4 Rxb4 34. Ke3 Bf5 35. d6 Rxb2 36. d7 Rb8 37. Ne4 Bxe4 38. Kxe4 Kg8 39. Kd5 Kf7 40. Kd6 Rd8 41. Kc7 Ke7 42. Bb5 g5 43. g3 h5 0-1

[Event "Knighthood Blitz"]
[Site "Vishy Anand Arena"]
[Date "2020.08.01"]
[Round "8"]
[White "suresh agarwal"]
[Black "Leorider5143"]
[Result "0-1"]
[WhiteElo "1432"]
[BlackElo "1445"]
[Annotator "NA"]
[PlyCount "96"]
[EventDate "2020.08.01"]
[EventType "swiss (blitz)"]

1. e4 c5 2. Nf3 e6 3. c3 Nc6 4. d4 cxd4 5. cxd4 d5 6. exd5 exd5 7. Nc3 Nf6 8. Bb5 Bb4 9. Qe2+ Be6 10. O-O Bxc3 11. bxc3 O-O 12. Bg5 a6 13. Ba4 b5 14. Bb3 Re8 15. Ne5 Rc8 16. Qf3 h6 17. Bxf6 Qxf6 18. Bxd5 Qxf3 19. Bxf3 Nxe5 20. dxe5 Rxc3 21. Rfc1 Rxc1+ 22. Rxc1 Bxa2 23. Rc5 Bc4 24. h3 a5 25. Bc6 Rc8 26. f4 Bd5 27. Rxd5 Rxc6 28. Rxb5 Rc1+ 29. Kf2 Ra1 30. Rb8+ Kh7 31. Ra8 a4 32. Ke3 Kg6 33. Ke4 a3 34. f5+ Kg5 35. g3 a2 36. Kd3 Rd1+ 37. Kc2 a1=Q 38. Rxa1 Rxa1 39. e6 fxe6 40. fxe6 Ra8 41. Kd3 Re8 42. Ke4 Rxe6+ 43. Kd5 Rf6 44. Ke5 h5 45. Ke4 h4 46. g4 Rf1 47. Ke3 Rh1 48. Kf2 Rxh3 0-1

[Event "Knighthood Blitz"]
[Site "Vishy Anand Arena"]
[Date "2020.08.01"]
[Round "8"]
[White "masters22"]
[Black "Angappan"]
[Result "0-1"]
[WhiteElo "1398"]
[BlackElo "1434"]
[Annotator "NA"]
[PlyCount "72"]
[EventDate "2020.08.01"]
[EventType "swiss (blitz)"]

1. Nf3 d5 2. d4 e6 3. a3 Nf6 4. Nc3 Be7 5. Bf4 a6 6. e3 O-O 7. h3 Nbd7 8. Be2 b6 9. O-O Bb7 10. Na2 c5 11. c3 Rc8 12. Nc1 Re8 13. Qc2 Ne4 14. Ne5 Ndf6 15. Ng4 cxd4 16. exd4 b5 17. Qd3 Qd7 18. Nb3 Qd8 19. Ne5 h6 20. Ng4 Qb6 21. Be3 Qd8 22. Ne5 Bd6 23. Nd2 Be7 24. Ng4 Ra8 25. Nxh6+ gxh6 26. Bxh6 a5 27. Nf3 Ba6 28. Qe3 b4 29. Bxa6 Rxa6 30. axb4 Ra8 31. b5 Qb6 32. Ne5 Qxb5 33. Nf3 Bf8 34. Bf4 Bg7 35. Ng5 Qxb2 36. Nxe4 Nxe4 0-1

[Event "Knighthood Blitz"]
[Site "Vishy Anand Arena"]
[Date "2020.08.01"]
[Round "8"]
[White "Cool_chess"]
[Black "Ruben1070"]
[Result "1-0"]
[WhiteElo "1384"]
[BlackElo "1293"]
[Annotator "NA"]
[PlyCount "35"]
[EventDate "2020.08.01"]
[EventType "swiss (blitz)"]

1. e4 c5 2. Nc3 Nc6 3. f4 d6 4. Nf3 Bd7 5. Bc4 Nf6 6. O-O g6 7. d3 Bg7 8. Qe1 O-O 9. f5 a6 10. a4 Na5 11. Ba2 Nc6 12. Qh4 Nb4 13. Bh6 Re8 14. Ng5 Rf8 15. fxg6 hxg6 16. Bxg7 Kxg7 17. Rxf6 exf6 18. Qh7# 1-0

[Event "Knighthood Blitz"]
[Site "Vishy Anand Arena"]
[Date "2020.08.01"]
[Round "8"]
[White "Cheetah2020"]
[Black "sohanpatnaik"]
[Result "1-0"]
[WhiteElo "1357"]
[BlackElo "1367"]
[Annotator "NA"]
[PlyCount "77"]
[EventDate "2020.08.01"]
[EventType "swiss (blitz)"]

1. e4 c5 2. c4 e6 3. Nf3 d6 4. e5 dxe5 5. Nxe5 Qc7 6. Nf3 Nf6 7. d3 Be7 8. Bg5 O-O 9. Bxf6 Bxf6 10. Nbd2 Bxb2 11. Rb1 Bf6 12. Be2 b6 13. O-O Bb7 14. Ne4 Nd7 15. Nxf6+ Nxf6 16. Qd2 Rad8 17. Rfe1 Rd7 18. Qc3 Rfd8 19. Rbd1 Rd6 20. a4 Bc6 21. d4 cxd4 22. Rxd4 Bxa4 23. Rxd6 Rxd6 24. Bd1 Bxd1 25. Rxd1 Rxd1+ 26. Ne1 b5 27. Qc2 Rd6 28. g3 Qxc4 29. Qxc4 bxc4 30. Nc2 c3 31. Kf1 a5 32. Ke2 a4 33. f4 a3 34. Ke3 a2 35. g4 a1=Q 36. Nxa1 Nd5+ 37. Kf3 Rd7 38. g5 Nb4 39. Nc2 1-0

[Event "Knighthood Blitz"]
[Site "Vishy Anand Arena"]
[Date "2020.08.01"]
[Round "8"]
[White "Syamantak"]
[Black "Kanishsri"]
[Result "1-0"]
[WhiteElo "1334"]
[BlackElo "1458"]
[Annotator "NA"]
[PlyCount "43"]
[EventDate "2020.08.01"]
[EventType "swiss (blitz)"]

1. d4 d5 2. c4 dxc4 3. Nc3 a6 4. a4 e6 5. e3 c5 6. Bxc4 Nc6 7. Nf3 Nf6 8. O-O cxd4 9. Nxd4 Nxd4 10. Qxd4 Qxd4 11. exd4 e5 12. dxe5 Ng8 13. Bf4 Ne7 14. Nd5 Be6 15. Nc7+ Kd8 16. Bxe6 Kxc7 17. Bxf7 Kc8 18. Rac1+ Kd8 19. Rfd1+ Nd5 20. Rxd5+ Ke7 21. e6 Rd8 22. Bg5# 1-0

[Event "Knighthood Blitz"]
[Site "Vishy Anand Arena"]
[Date "2020.08.01"]
[Round "8"]
[White "Renier Gonsalves"]
[Black "Rakeshkul"]
[Result "0-1"]
[WhiteElo "1331"]
[BlackElo "1646"]
[Annotator "NA"]
[PlyCount "144"]
[EventDate "2020.08.01"]
[EventType "swiss (blitz)"]

1. e3 b6 2. d4 Bb7 3. Nf3 g6 4. c4 Bg7 5. Nc3 e6 6. Bd3 Ne7 7. h3 d5 8. cxd5 Nxd5 9. Nxd5 Bxd5 10. b3 O-O 11. Bb2 c5 12. O-O cxd4 13. Bxd4 Bxd4 14. Nxd4 e5 15. Nf3 e4 16. Bxe4 Bxe4 17. Qxd8 Rxd8 18. Rfd1 Nc6 19. Nd4 Nxd4 20. exd4 Rd7 21. f3 Bc2 22. Rd2 Bf5 23. Rc1 Rad8 24. Rcd1 Kf8 25. Kf2 Ke7 26. Ke3 Be6 27. Kf2 f5 28. Ke3 a5 29. Kf2 a4 30. Rd3 axb3 31. axb3 b5 32. Ke3 b4 33. R3d2 Bxb3 34. Rb1 Bd5 35. Rxb4 Rc7 36. Rbb2 Rc3+ 37. Ke2 Bc4+ 38. Kf2 Rd3 39. Rxd3 Bxd3 40. Ke3 Bc4 41. Rb7+ Rd7 42. Rxd7+ Kxd7 43. g4 Ke6 44. Kf4 fxg4 45. fxg4 Kd5 46. Kg5 Bd3 47. Kh6 Kxd4 48. Kxh7 Ke3 49. Kh6 Kf4 50. Kg7 Kg3 51. Kf6 Kxh3 52. Kg5 Kg3 53. Kh6 Kxg4 54. Kg7 Kh3 55. Kf6 Kh4 56. Ke5 g5 57. Kd4 g4 58. Ke3 Kh3 59. Kf2 Kh2 60. Ke1 g3 61. Kd2 g2 62. Kd1 g1=Q+ 63. Kd2 Qf2+ 64. Kc3 Kg3 65. Kb4 Kf4 66. Ka3 Ke5 67. Kb3 Kd4 68. Kb4 Qc2 69. Ka5 Qb1 70. Ka4 Bh7 71. Ka3 Kc3 72. Ka4 Qb4# 0-1

[Event "Knighthood Blitz"]
[Site "Vishy Anand Arena"]
[Date "2020.08.01"]
[Round "8"]
[White "Ggupta211"]
[Black "vaibhavgautam"]
[Result "1-0"]
[WhiteElo "1314"]
[BlackElo "1510"]
[Annotator "NA"]
[PlyCount "53"]
[EventDate "2020.08.01"]
[EventType "swiss (blitz)"]

1. e4 c5 2. Nf3 Nc6 3. d4 cxd4 4. Nxd4 Nxd4 5. Qxd4 Nf6 6. g3 d6 7. Bg2 g6 8. O-O Bg7 9. Qd1 O-O 10. Bf4 Bd7 11. Re1 Bc6 12. Nd2 Qb6 13. Nb3 e5 14. Bg5 Rfd8 15. h4 Rd7 16. Bxf6 Bxf6 17. h5 Rad8 18. Qf3 d5 19. Qxf6 d4 20. h6 Kf8 21. Qg7+ Ke8 22. Qxh7 d3 23. cxd3 Rxd3 24. Qg8+ Ke7 25. h7 Rxg8 26. hxg8=Q Rd2 27. Nxd2 1-0

[Event "Knighthood Blitz"]
[Site "Vishy Anand Arena"]
[Date "2020.08.01"]
[Round "8"]
[White "Karsanjib"]
[Black "SudiNarayana"]
[Result "1-0"]
[WhiteElo "1287"]
[BlackElo "1242"]
[Annotator "NA"]
[PlyCount "69"]
[EventDate "2020.08.01"]
[EventType "swiss (blitz)"]

1. d4 d5 2. c4 e6 3. Nc3 Nf6 4. Nf3 Nc6 5. a3 a6 6. e3 Bd6 7. c5 Be7 8. Ne5 Nxe5 9. dxe5 Ne4 10. Nxe4 dxe4 11. Qxd8+ Bxd8 12. b4 Be7 13. g3 Bd7 14. Bg2 O-O 15. Bxe4 Rad8 16. Bxb7 Rfe8 17. Bxa6 Ba4 18. Bf1 Rd1+ 19. Ke2 Rd5 20. Bg2 Bb5+ 21. Kf3 Rxe5 22. Rg1 Rf5+ 23. Kg4 Rg5+ 24. Kh3 Rh5+ 25. Kg4 Rg5+ 26. Kf3 Rf5+ 27. Ke4 Bc6+ 28. Kd3 Re5 29. Bxc6 Rd8+ 30. Ke2 Rf5 31. Rd1 Rdd5 32. Bxd5 Bg5 33. Be4 Re5 34. f4 Bxf4 35. Rd8# 1-0

[Event "Knighthood Blitz"]
[Site "Vishy Anand Arena"]
[Date "2020.08.01"]
[Round "8"]
[White "Hamza dhariwala"]
[Black "Anshuman Upadhyay"]
[Result "1-0"]
[WhiteElo "1265"]
[BlackElo "1448"]
[Annotator "NA"]
[PlyCount "79"]
[EventDate "2020.08.01"]
[EventType "swiss (blitz)"]

1. e4 e5 2. Nf3 Nc6 3. Bc4 Bc5 4. d3 Nf6 5. c3 d6 6. O-O O-O 7. Bg5 h6 8. Bxf6 Qxf6 9. Nbd2 Qg6 10. Nh4 Qg5 11. Ndf3 Qe7 12. d4 exd4 13. cxd4 Nxd4 14. Nxd4 Qxh4 15. Qf3 Bxd4 16. Rad1 Qf6 17. Qd3 c5 18. Rfe1 Re8 19. Rf1 b6 20. Rd2 Bb7 21. h3 Bxe4 22. Qb3 Bc6 23. Kh2 Be5+ 24. g3 Qf3 25. Bd5 Qxb3 26. Bxb3 Rad8 27. f4 Bf6 28. Bd5 Bxd5 29. Rxd5 Bxb2 30. Rfd1 Re6 31. f5 Rf6 32. g4 Be5+ 33. Kg2 Kh7 34. h4 g5 35. hxg5 hxg5 36. Rf1 Kh6 37. Kf3 Kg7 38. Ke4 Kh6 39. Rfd1 Kg7 40. a3 1-0

[Event "Knighthood Blitz"]
[Site "Vishy Anand Arena"]
[Date "2020.08.01"]
[Round "8"]
[White "Adityaghule"]
[Black "ThakurUdaiveer"]
[Result "1-0"]
[WhiteElo "1229"]
[BlackElo "1253"]
[Annotator "NA"]
[PlyCount "49"]
[EventDate "2020.08.01"]
[EventType "swiss (blitz)"]

1. d4 Nf6 2. c4 e6 3. Nf3 d5 4. Bg5 c5 5. cxd5 exd5 6. Nc3 Be7 7. e3 O-O 8. Bd3 h6 9. Bh4 cxd4 10. exd4 Bb4 11. O-O Bg4 12. Bxf6 Qxf6 13. Nxd5 Qc6 14. Nxb4 Qb6 15. Nd5 Bxf3 16. gxf3 Qxd4 17. Ne7+ Kh8 18. Re1 Rd8 19. Be4 Qd3 20. Bxd3 Rxd3 21. Qxd3 Nd7 22. Qxd7 b6 23. Nf5 a5 24. Qxf7 Kh7 25. Qxg7# 1-0

[Event "Knighthood Blitz"]
[Site "Vishy Anand Arena"]
[Date "2020.08.01"]
[Round "8"]
[White "prasanthkp1"]
[Black "Chessplayer324"]
[Result "0-1"]
[WhiteElo "1219"]
[BlackElo "1277"]
[Annotator "NA"]
[PlyCount "64"]
[EventDate "2020.08.01"]
[EventType "swiss (blitz)"]

1. e3 e5 2. c4 Nc6 3. Nf3 d6 4. d4 f6 5. dxe5 fxe5 6. Nc3 Bg4 7. Be2 Nf6 8. h3 Bh5 9. g4 Bg6 10. Bd2 d5 11. cxd5 Nxd5 12. Nxd5 Qxd5 13. b3 O-O-O 14. Bc4 Qd7 15. a4 Bf7 16. Qc2 Bxc4 17. bxc4 Re8 18. Rb1 Kb8 19. Qb2 b6 20. a5 e4 21. c5 Bxc5 22. Bc3 exf3 23. O-O h5 24. axb6 cxb6 25. Ba5 Nxa5 26. Rfd1 Qc8 27. Rdc1 hxg4 28. Qxg7 Rxh3 29. Rc2 Rg8 30. Qe5+ Ka8 31. Qd5+ Kb8 32. Rxc5 Rgh8 0-1

[Event "Knighthood Blitz"]
[Site "Vishy Anand Arena"]
[Date "2020.08.01"]
[Round "8"]
[White "Chesslovers143"]
[Black "Bestluck"]
[Result "0-1"]
[WhiteElo "1201"]
[BlackElo "2099"]
[Annotator "NA"]
[PlyCount "60"]
[EventDate "2020.08.01"]
[EventType "swiss (blitz)"]

1. e4 e6 2. d4 d5 3. exd5 exd5 4. Nc3 c6 5. Bd3 Bd6 6. Nge2 Nf6 7. Bf4 O-O 8. O-O Bxf4 9. Nxf4 Qb6 10. Na4 Qb4 11. c3 Qd6 12. g3 Bg4 13. f3 Bd7 14. Re1 b6 15. b4 Bc8 16. Qd2 Ba6 17. Nb2 Bxd3 18. Nbxd3 a5 19. Re2 axb4 20. cxb4 Nbd7 21. Ne5 Ra3 22. Qb2 Rfa8 23. Rc1 Rxa2 24. Qxa2 Rxa2 25. Rxa2 Qxb4 26. Nxc6 Qd6 27. Ra8+ Nf8 28. Ne5 g5 29. Nfd3 h6 30. Kg2 b5 0-1

[Event "Knighthood Blitz"]
[Site "Vishy Anand Arena"]
[Date "2020.08.01"]
[Round "8"]
[White "Devraj"]
[Black "Pranav104"]
[Result "1-0"]
[WhiteElo "1193"]
[BlackElo "1093"]
[Annotator "NA"]
[PlyCount "73"]
[EventDate "2020.08.01"]
[EventType "swiss (blitz)"]

1. e4 e5 2. Nf3 Bc5 3. Bc4 Qf6 4. O-O Nh6 5. h3 Qg6 6. Nc3 d6 7. d3 Bxh3 8. Nh4 Bg4 9. Nxg6 Bxd1 10. Rxd1 hxg6 11. Bxh6 Rxh6 12. Nd5 Na6 13. Bxa6 Rc8 14. Nxc7+ Rxc7 15. Bb5+ Kf8 16. a3 Bd4 17. c3 a6 18. cxd4 axb5 19. Rac1 Rd7 20. dxe5 dxe5 21. Rc5 b6 22. Rxe5 f6 23. Rxb5 g5 24. Rxb6 g4 25. Rc1 f5 26. exf5 Rxd3 27. Rc8+ Kf7 28. Rc7+ Kg8 29. g3 Rxb6 30. Rc8+ Kh7 31. Rf8 Rxb2 32. f6 Rd1+ 33. Kg2 Rdd2 34. fxg7 Rxf2+ 35. Rxf2 Rb8 36. Rf8 Rxf8 37. gxf8=Q 1-0

[Event "Knighthood Blitz"]
[Site "Vishy Anand Arena"]
[Date "2020.08.01"]
[Round "8"]
[White "RIJUD"]
[Black "Entropicacogen"]
[Result "0-1"]
[WhiteElo "1107"]
[BlackElo "1321"]
[Annotator "NA"]
[PlyCount "44"]
[EventDate "2020.08.01"]
[EventType "swiss (blitz)"]

1. e4 e5 2. d4 exd4 3. Bc4 Nc6 4. c3 d3 5. Bxd3 d6 6. Nf3 Ne5 7. O-O Bg4 8. Be2 Nxf3+ 9. Bxf3 Bxf3 10. Qxf3 Nf6 11. Re1 Be7 12. e5 dxe5 13. Rxe5 O-O 14. Na3 Qd6 15. Re3 Nd5 16. Nb5 Qc5 17. Nxc7 Nxe3 18. Nxa8 Nc2 19. b4 Qc4 20. Rb1 Bd6 21. Qd1 Re8 22. Qxc2 Re1# 0-1

[Event "Knighthood Blitz"]
[Site "Vishy Anand Arena"]
[Date "2020.08.01"]
[Round "9"]
[White "Dust Tornado"]
[Black "Maksim Chigaev"]
[Result "1/2-1/2"]
[WhiteElo "2796"]
[BlackElo "2573"]
[Annotator "TA"]
[PlyCount "92"]
[EventDate "2020.08.01"]
[EventType "swiss (blitz)"]

1. e4 e5 2. Nf3 Nc6 3. Bb5 a6 4. Ba4 Nf6 5. O-O Be7 6. Re1 b5 7. Bb3 d6 8. c3 O-O 9. h3 Re8 10. d4 Bb7 11. Nbd2 Bf8 12. Nf1 exd4 13. cxd4 Na5 14. Ng5 Nxb3 15. Qxb3 Qd7 16. e5 dxe5 17. dxe5 h6 18. Nf3 Nd5 19. Bd2 c5 20. Rad1 c4 21. Qc2 Qe6 22. Nd4 Qb6 23. Nf5 Qg6 24. N1g3 Rad8 25. Qe4 Ba8 26. Qh4 Be7 27. Nxe7+ Nxe7 28. Bb4 Rxd1 29. Rxd1 Nf5 30. Qf4 Nxg3 31. fxg3 Qc6 32. Qf2 Rxe5 33. Rd8+ Kh7 34. Rd6 Qe4 35. Rd4 Qb1+ 36. Kh2 Rf5 37. Rf4 Rxf4 38. Qxf4 Qc2 39. Qd2 Qe4 40. Bc3 Bd5 41. g4 f6 42. Qf2 Qe6 43. Qf5+ Qxf5 44. gxf5 h5 45. g4 hxg4 46. hxg4 Kg8 1/2-1/2

[Event "Knighthood Blitz"]
[Site "Vishy Anand Arena"]
[Date "2020.08.01"]
[Round "9"]
[White "kutiktau"]
[Black "Uzbektiger95"]
[Result "0-1"]
[WhiteElo "2677"]
[BlackElo "2452"]
[Annotator "NA"]
[PlyCount "82"]
[EventDate "2020.08.01"]
[EventType "swiss (blitz)"]

1. Nf3 c5 2. c4 g6 3. d4 cxd4 4. Nxd4 Bg7 5. e4 Nc6 6. Be3 Qb6 7. Nb3 Qd8 8. Qd2 Nf6 9. f3 d6 10. Nc3 O-O 11. Be2 a5 12. O-O a4 13. Nd4 Nxd4 14. Bxd4 Qa5 15. Rfd1 Be6 16. Bf1 Rfc8 17. Nd5 Bxd5 18. exd5 Qxd2 19. Rxd2 Nd7 20. Bf2 a3 21. Rb1 axb2 22. Rbxb2 Bxb2 23. Rxb2 Nc5 24. h4 h5 25. Be2 Ra3 26. Kf1 Ra7 27. Bd1 Rca8 28. Bxc5 dxc5 29. Bb3 Ra6 30. Kf2 Rb6 31. Rd2 Kf8 32. Kg3 Rb4 33. Rc2 Rc8 34. Kf2 Ke8 35. Rc3 Kd7 36. Kg3 Kd6 37. Kf2 b5 38. cxb5 c4 39. Bc2 Rxb5 40. Be4 Rb2+ 41. Kg3 Rxa2 0-1

[Event "Knighthood Blitz"]
[Site "Vishy Anand Arena"]
[Date "2020.08.01"]
[Round "9"]
[White "Oligarkh"]
[Black "EvilGenius"]
[Result "1-0"]
[WhiteElo "2673"]
[BlackElo "2710"]
[Annotator "TA"]
[PlyCount "83"]
[EventDate "2020.08.01"]
[EventType "swiss (blitz)"]

1. d4 Nf6 2. c4 e6 3. Nc3 Bb4 4. e3 O-O 5. Nge2 d5 6. a3 Bd6 7. c5 Be7 8. Nf4 c6 9. b4 b6 10. Rb1 a5 11. Bd3 Ba6 12. O-O Nbd7 13. h3 Qc7 14. Re1 axb4 15. axb4 Bxd3 16. Nxd3 Rfb8 17. e4 Qc8 18. Bf4 Rb7 19. exd5 Nxd5 20. Nxd5 cxd5 21. Qf3 bxc5 22. Nxc5 Rba7 23. Qg3 Nb6 24. Be5 Bf8 25. b5 Ra3 26. Qg4 Rc3 27. Na6 Qc4 28. Nc7 Rc8 29. Nxe6 h5 30. Qf5 Qd3 31. Qxd3 Rxd3 32. Nxf8 Kxf8 33. Bd6+ Kg8 34. Bc5 Rb8 35. Re7 Rc3 36. Ra1 Nc4 37. Raa7 Nd2 38. f3 Rc1+ 39. Kf2 Rc2 40. Rxf7 Ne4+ 41. Ke3 Rc3+ 42. Kf4 1-0

[Event "Knighthood Blitz"]
[Site "Vishy Anand Arena"]
[Date "2020.08.01"]
[Round "9"]
[White "terryr"]
[Black "Narayanansl"]
[Result "1/2-1/2"]
[WhiteElo "2565"]
[BlackElo "2648"]
[Annotator "TA"]
[PlyCount "60"]
[EventDate "2020.08.01"]
[EventType "swiss (blitz)"]

1. d4 Nf6 2. Bg5 d5 3. Bxf6 gxf6 4. e3 c5 5. c3 cxd4 6. cxd4 Nc6 7. Nc3 e6 8. Nf3 a6 9. Bd3 f5 10. g3 Bd6 11. Rc1 Bd7 12. a3 Rc8 13. Ne2 O-O 14. O-O Kh8 15. Nf4 Qf6 16. Be2 Rc7 17. Rc3 Rfc8 18. Qd2 Bxf4 19. gxf4 Rg8+ 20. Kh1 Rcc8 21. Rcc1 h6 22. Rg1 Qe7 23. Rg3 Kh7 24. Rcg1 Rxg3 25. Rxg3 Rg8 26. Rxg8 Kxg8 27. Qc3 f6 28. Ne1 Qd6 29. Nd3 Kf7 30. Kg2 Ke7 1/2-1/2

[Event "Knighthood Blitz"]
[Site "Vishy Anand Arena"]
[Date "2020.08.01"]
[Round "9"]
[White "V-Bernadskiy"]
[Black "LAXMAN"]
[Result "0-1"]
[WhiteElo "2538"]
[BlackElo "2449"]
[Annotator "TA"]
[PlyCount "72"]
[EventDate "2020.08.01"]
[EventType "swiss (blitz)"]

1. d4 Nf6 2. Nf3 e6 3. Bf4 g6 4. Nbd2 Bg7 5. e4 d6 6. Bd3 O-O 7. O-O b6 8. c3 Ba6 9. Bxa6 Nxa6 10. Re1 Qc8 11. e5 Nd5 12. Bg3 dxe5 13. Nxe5 c5 14. Ne4 Rd8 15. Qf3 f6 16. Nd3 cxd4 17. cxd4 Qd7 18. Nd6 Bf8 19. Ne4 Bg7 20. a3 Rf8 21. h4 Rad8 22. Nd6 Nb8 23. Qe4 Nc6 24. Qxe6+ Qxe6 25. Rxe6 Nxd4 26. Re4 f5 27. Rxd4 Bxd4 28. Nb5 Bg7 29. Nxa7 f4 30. Bh2 Nc3 31. Nxf4 Rxf4 32. bxc3 Rxh4 33. Nb5 Rh5 34. a4 Rc5 35. Bc7 Ra8 36. Bxb6 Rxb5 0-1

[Event "Knighthood Blitz"]
[Site "Vishy Anand Arena"]
[Date "2020.08.01"]
[Round "9"]
[White "nihalsarin"]
[Black "Fighter64"]
[Result "1-0"]
[WhiteElo "2518"]
[BlackElo "2336"]
[Annotator "NA"]
[PlyCount "73"]
[EventDate "2020.08.01"]
[EventType "swiss (blitz)"]

1. e4 c6 2. Nf3 d5 3. d3 Nf6 4. e5 Nfd7 5. g3 e6 6. Bg2 c5 7. O-O Nc6 8. Re1 Be7 9. h4 Rb8 10. c4 d4 11. Bf4 a6 12. Nbd2 b5 13. b3 Bb7 14. Ne4 O-O 15. h5 h6 16. Qd2 Kh7 17. g4 Qa5 18. Qe2 bxc4 19. bxc4 Rbe8 20. Rab1 Nb4 21. Rb3 Bc6 22. a3 Qa4 23. Reb1 f5 24. exf6 Nxf6 25. Nxf6+ Rxf6 26. Be5 Bxf3 27. Bxf3 Rxf3 28. Qxf3 Nc6 29. Qe4+ Kg8 30. Bg3 Bf6 31. Rb6 Nd8 32. Rb8 Qxa3 33. Kg2 Qa2 34. Qg6 Qa4 35. R1b7 Qc6+ 36. f3 Rf8 37. Rc7 1-0

[Event "Knighthood Blitz"]
[Site "Vishy Anand Arena"]
[Date "2020.08.01"]
[Round "9"]
[White "Visakh"]
[Black "Babysnake"]
[Result "0-1"]
[WhiteElo "2517"]
[BlackElo "2484"]
[Annotator "TA"]
[PlyCount "142"]
[EventDate "2020.08.01"]
[EventType "swiss (blitz)"]

1. d4 Nf6 2. c4 e6 3. Nf3 b6 4. g3 Ba6 5. b3 Bb7 6. Bg2 Bb4+ 7. Bd2 a5 8. O-O O-O 9. Nc3 Bxc3 10. Bxc3 Be4 11. Nd2 Bxg2 12. Kxg2 d5 13. Qc2 Qc8 14. e4 dxe4 15. Nxe4 Qb7 16. f3 Nbd7 17. d5 Nxe4 18. fxe4 e5 19. a3 c6 20. Rad1 f6 21. dxc6 Qxc6 22. Rd5 Nc5 23. Rfd1 a4 24. b4 Nb3 25. c5 bxc5 26. bxc5 Rab8 27. Qd3 h6 28. Qc4 Kh7 29. Bb4 Nd4 30. Bc3 Nb3 31. h4 Rfc8 32. Bb4 Nd4 33. Qd3 Rd8 34. Qc4 Rdc8 35. Rd3 Rb7 36. Qc1 Qb5 37. Qc3 Qe8 38. R5xd4 exd4 39. Qxd4 Re7 40. Re3 Rd8 41. Qc4 Qc6 42. Kh3 Rde8 43. Qd3 Rxe4 44. Rf3 R8e5 45. Rf4 f5 46. Rxe4 fxe4 47. Qc2 Qe6+ 48. Kh2 Qc6 49. Qb2 Re6 50. Qc2 Kh8 51. Be1 e3 52. Qd3 e2 53. Qd8+ Kh7 54. Qd3+ Qe4 55. Qxe4+ Rxe4 56. Kg2 Rc4 57. Kf3 Rxc5 58. Kxe2 Re5+ 59. Kf2 Rb5 60. Bb4 Rxb4 61. Kf3 Rb3+ 62. Kf4 Rxa3 63. h5 Rb3 64. g4 a3 65. g5 a2 66. g6+ Kg8 67. Kf5 a1=Q 68. Ke6 Qa5 69. Kd7 Rb6 70. Kc7 Qa7+ 71. Kc8 Rb8# 0-1

[Event "Knighthood Blitz"]
[Site "Vishy Anand Arena"]
[Date "2020.08.01"]
[Round "9"]
[White "Alanp"]
[Black "Indian-Lion"]
[Result "1-0"]
[WhiteElo "2483"]
[BlackElo "2473"]
[Annotator "TA"]
[PlyCount "65"]
[EventDate "2020.08.01"]
[EventType "swiss (blitz)"]

1. e4 c5 2. Nf3 d6 3. d4 cxd4 4. Nxd4 Nf6 5. Nc3 Nc6 6. Bg5 e6 7. Qd2 Be7 8. O-O-O a6 9. f4 Qc7 10. Be2 Bd7 11. Bf3 Na5 12. Rhe1 Nc4 13. Qd3 Rc8 14. Nb3 h6 15. Bh4 g5 16. fxg5 hxg5 17. Bxg5 b5 18. Bf4 b4 19. Nd5 exd5 20. exd5 Ne5 21. Qd2 Nh5 22. Bxe5 dxe5 23. Kb1 Qd6 24. Na5 f5 25. Nb7 Qf6 26. d6 Bf8 27. Rxe5+ Kf7 28. Rde1 Bg7 29. Re7+ Kg6 30. Qxb4 Bb5 31. R1e6 Rc4 32. Qe1 Nf4 33. Qg3+ 1-0

[Event "Knighthood Blitz"]
[Site "Vishy Anand Arena"]
[Date "2020.08.01"]
[Round "9"]
[White "Rasulov Vugar"]
[Black "Hitter1999"]
[Result "1-0"]
[WhiteElo "2471"]
[BlackElo "2452"]
[Annotator "NA"]
[PlyCount "57"]
[EventDate "2020.08.01"]
[EventType "swiss (blitz)"]

1. e4 c5 2. Nf3 d6 3. d4 cxd4 4. Nxd4 e5 5. Bb5+ Nd7 6. Nf5 a6 7. Bxd7+ Qxd7 8. O-O Qc6 9. Ng3 Nf6 10. Nc3 h6 11. f4 Be7 12. f5 b5 13. Nh5 Nxh5 14. Qxh5 Bb7 15. Be3 b4 16. Nd5 Qxc2 17. f6 gxf6 18. Nxf6+ Bxf6 19. Rxf6 Rh7 20. Rd1 Qxe4 21. Re6+ Kf8 22. Bxh6+ Kg8 23. Qg5+ Kh8 24. Rexd6 Re8 25. Rd8 Bc6 26. Rxe8+ Bxe8 27. h3 Qg6 28. Rd8 Qxg5 29. Bxg5 1-0